El desarrollo del capitalismo en Rusia: el proceso de la formación de un mercado interior para la gran industria
Guardado en:
| Autor principal: | |
|---|---|
| Formato: | Libro |
| Lenguaje: | español |
| Publicado: |
Santiago
Quimantu
1972
|
| Colección: | Colección Clásicos del Pensamiento Social
|
| Materias: | |
| Etiquetas: |
Agregar Etiqueta
Sin Etiquetas, Sea el primero en etiquetar este registro!
|
MARC
| LEADER | 00000nam a2200000 a 4500 | ||
|---|---|---|---|
| 001 | UCO0211 | ||
| 003 | CL-VaPUC | ||
| 005 | 20231102094545.0 | ||
| 008 | 000420e19720000CL |||||||||||||||||spa|d | ||
| 999 | |c 286927 |d 286925 | ||
| 040 | |c Pontificia Universidad Católica de Valparaíso | ||
| 082 | 0 | 4 | |a 335.43 |b LEN |2 21 |
| 100 | |a Lenin, Vladimir Ilich |e author |9 860395 | ||
| 245 | 1 | 3 | |a El desarrollo del capitalismo en Rusia: el proceso de la formación de un mercado interior para la gran industria |
| 260 | |a Santiago |b Quimantu |c 1972 | ||
| 300 | |a 655 p | ||
| 490 | 0 | |a Colección Clásicos del Pensamiento Social | |
| 583 | |a last modification |c 20000420 00:00:00 |k Rodrigo Vera | ||
| 650 | 7 | |a MARXISMO LENINISMO |2 CL-VaPUC |9 259250 | |
| 650 | 0 | |a Capitalismo |9 255255 | |
| 650 | 0 | |a Proletariado |9 269152 | |
| 650 | 7 | |a DOCTRINAS ECONOMICAS |2 CL-VaPUC |9 346455 | |
| 651 | 0 | |a Rusia |9 256106 | |
| 942 | |c BK |2 ddc | ||
| 945 | |d 20000420 00:00:00 |a crobeson | ||
| 952 | |0 0 |1 0 |4 0 |6 335_430000000000000_LEN_1972 |7 0 |8 A |9 333201 |a BIBHIS |b BIBHIS |d 2019-11-20 |i 1399624 |o 335.43 LEN 1972 |p 1399624 |r 2025-01-20 |w 2019-11-20 |y BK |k HIS | ||